Special report: roadside (Record no. 65766)

MARC details
000 -LEADER
fixed length control field 01116cam a2200241 4500
001 - CONTROL NUMBER
control field ABS63366
008 - FIXED-LENGTH DATA ELEMENTS--GENERAL INFORMATION
fixed length control field 000000n2001 000 0 eng u
035 ## - SYSTEM CONTROL NUMBER
System control number (Sirsi) u110285
100 ## - MAIN ENTRY--PERSONAL NAME
Personal name Smith, K.
245 ## - TITLE STATEMENT
Title Special report: roadside
260 ## - PUBLICATION, DISTRIBUTION, ETC.
Date of publication, distribution, etc. 2001
490 ## - SERIES STATEMENT
Series statement Property Week
Volume/sequential designation 66(1) 5 January 2001, 32-40(5)
520 ## - SUMMARY, ETC.
Summary, etc. Three articles look at the changes that are, quite literally, in the roadside. The first considers the new service stations being provided by Extra and whether these will overshadow their rivals. The second looks the problem of delivering goods ordered on-line to consumers; a problem which has not been properly resolved. Two companies with different approaches are profiled; one uses mainly petrol stations while the other looks at other suitable sites in strategic places. The third looks at autoparks - car retail parks.
590 ## - LOCAL NOTE (RLIN)
Local note ABS
650 ## - SUBJECT ADDED ENTRY--TOPICAL TERM
Topical term or geographic name entry element ROADSIDE SERVICES
650 ## - SUBJECT ADDED ENTRY--TOPICAL TERM
Topical term or geographic name entry element MOTORWAY SERVICE AREAS
650 ## - SUBJECT ADDED ENTRY--TOPICAL TERM
Topical term or geographic name entry element E-COMMERCE
650 ## - SUBJECT ADDED ENTRY--TOPICAL TERM
Topical term or geographic name entry element AUTOPARKS
690 ## - LOCAL SUBJECT ADDED ENTRY--TOPICAL TERM (OCLC, RLIN)
Topical term or geographic name as entry element TRANSPORT AND COMMUNICATIONS
700 ## - ADDED ENTRY--PERSONAL NAME
Personal name McConnell, T
700 ## - ADDED ENTRY--PERSONAL NAME
Personal name Barnes, R
942 ## - ADDED ENTRY ELEMENTS (KOHA)
Suppress in OPAC 0
Holdings
Withdrawn status Lost status Source of classification or shelving scheme Damaged status Not for loan Home library Current library Shelving location Date acquired Total Checkouts Full call number Barcode Date last seen Copy number Price effective from Koha item type
    Dewey Decimal Classification     London London Journal article 10/01/2001   ABS63366 110285-1001 06/08/2019 1 06/08/2019 Journal article